[Event "Vecindario Montalvo Memorial 15th"]
[Site "Vecindario"]
[Date "2023.04.08"]
[Round "8"]
[White "Guerra Aleman, Marcial"]
[Black "Ramirez Maillo, Cristian"]
[Result "0-1"]
[WhiteElo "1622"]
[BlackElo "1976"]
[PlyCount "104"]
[EventDate "2023.04.02"]
[EventType "swiss"]
[EventRounds "9"]
[EventCountry "ESP"]
[SourceTitle "CBM 213 Extra"]
[Source "ChessBase"]
[SourceDate "2023.05.31"]
[SourceVersion "1"]
[SourceVersionDate "2023.05.31"]
[SourceQuality "1"]

1. Nf3 Nf6 2. g3 g6 3. Bg2 Bg7 4. 0-0 0-0 5. d4 d6 6. b3 a5 7. a3 c6 8. Bb2 Nbd7 9. Nbd2 a4 10. b4 d5 11. c4 dxc4 12. Nxc4 Nb6 13. Nxb6 Qxb6 14. e3 Be6 15. Nd2 Rfd8 16. Rc1 h5 17. Ne4 Nxe4 18. Bxe4 Bd5 19. Qc2 Bxe4 20. Qxe4 e6 21. Rfd1 Rd5 22. Rc5 Rad8 23. Qc2 Qa6 24. Rc1 h4 25. Rxd5 Rxd5 26. Qc4 Qb6 27. Qc2 Qa7 28. gxh4 Rh5 29. Qe4 Bf6 30. Rc5 Rxh4 31. Qf3 Kg7 32. Qg3 Rh8 33. Qc7 Qa6 34. b5 cxb5 35. Qd7 b4 36. Rc7 Rf8 37. axb4 a3 38. Ba1 Qe2 39. Rc1 Qd2 40. Qc7 Qxb4 41. Qc5 Qxc5 42. dxc5 Ra8 43. Bxf6+ Kxf6 44. Kf1 a2 45. Ra1 Ke5 46. Ke2 Kd5 47. Kd3 Kxc5 48. Kc3 b5 49. Kb3 b4 50. Rxa2 Rxa2 51. Kxa2 Kc4 52. Kb2 Kd3 0-1

[Event "Vecindario Montalvo Memorial 14th"]
[Site "Vecindario"]
[Date "2022.09.04"]
[Round "2"]
[White "Ramirez Maillo, Cristian"]
[Black "Fernandez de la Hoz A, Carlos"]
[Result "1-0"]
[WhiteElo "1937"]
[BlackElo "1658"]
[PlyCount "65"]
[EventDate "2022.09.04"]
[EventType "swiss"]
[EventRounds "9"]
[EventCountry "ESP"]
[SourceTitle "CBM 210 Extra"]
[Source "ChessBase"]
[SourceDate "2022.11.30"]
[SourceVersion "1"]
[SourceVersionDate "2022.11.30"]
[SourceQuality "1"]

1. e4 g6 2. d4 Bg7 3. Nc3 d6 4. Be3 Nd7 5. Qd2 a6 6. f4 b5 7. e5 Nb6 8. Nf3 d5 9. b3 Nh6 10. h3 Nf5 11. g4 Nxe3 12. Qxe3 h5 13. gxh5 Rxh5 14. Ne2 Rh8 15. Ng3 e6 16. h4 Qe7 17. Bd3 Qb4+ 18. Ke2 Nc4 19. Qc1 Bd7 20. c3 Qf8 21. bxc4 bxc4 22. Bc2 c5 23. h5 cxd4 24. Nxd4 g5 25. h6 Bxh6 26. fxg5 Bg7 27. Qe3 Rb8 28. Rab1 Rxb1 29. Rxb1 Rh2+ 30. Kf3 Ke7 31. Nc6+ Bxc6 32. Qc5+ Kd7 33. Qa7+ 1-0

[Event "La Palma Island op"]
[Site "Santa Cruz de La Palma"]
[Date "2022.08.12"]
[Round "9"]
[White "Ramirez Maillo, Cristian"]
[Black "Perez Perez, Alejandro"]
[Result "1-0"]
[WhiteElo "1896"]
[BlackElo "1994"]
[PlyCount "63"]
[EventDate "2022.08.06"]
[EventType "swiss"]
[EventRounds "9"]
[EventCountry "ESP"]
[SourceTitle "CBM 209 Extra"]
[Source "ChessBase"]
[SourceDate "2022.09.30"]
[SourceVersion "1"]
[SourceVersionDate "2022.09.30"]
[SourceQuality "1"]

1. e4 c5 2. c3 Nf6 3. e5 Nd5 4. g3 Nc6 5. Bg2 Nb6 6. Nf3 d5 7. exd6 Qxd6 8. 0-0 e5 9. Re1 Be7 10. a4 Be6 11. a5 Nd7 12. a6 b6 13. d4 cxd4 14. cxd4 exd4 15. Bf4 Qc5 16. Na3 Bd5 17. Rc1 Qb4 18. Nc2 Qb3 19. Nfxd4 Nxd4 20. Qxd4 Nf6 21. Nb4 Bxg2 22. Rxe7+ Kxe7 23. Qd6+ Ke8 24. Re1+ Be4 25. Qc6+ Ke7 26. Rxe4+ Nxe4 27. Nd5+ Qxd5 28. Qxd5 Nf6 29. Qd6+ Ke8 30. Qc6+ Ke7 31. Bd6+ Ke6 32. Bb8+ 1-0

[Event "Canarias-chT"]
[Site "Vecindario"]
[Date "2018.06.02"]
[Round "5.3"]
[White "Martin Casanas, Juan Miguel"]
[Black "Ramirez Maillo, Cristian"]
[Result "0-1"]
[WhiteElo "1664"]
[BlackElo "1889"]
[PlyCount "120"]
[EventDate "2018.05.31"]
[EventType "team-swiss"]
[EventRounds "6"]
[EventCountry "ESP"]
[SourceTitle "EXT 2024"]
[Source "ChessBase"]
[SourceDate "2023.10.10"]
[SourceVersion "1"]
[SourceVersionDate "2023.10.10"]
[SourceQuality "1"]
[WhiteTeam "Herbania"]
[BlackTeam "Telde Los Llanos"]
[WhiteTeamCountry "ESP"]
[BlackTeamCountry "ESP"]

1. e4 c5 2. Nc3 Nc6 3. Nf3 g6 4. d4 cxd4 5. Nxd4 Bg7 6. Be3 Nf6 7. Be2 0-0 8. 0-0 d6 9. Nb3 Be6 10. f4 Rc8 11. f5 Bd7 12. Qd2 Ne5 13. Bh6 Nc4 14. Bxc4 Rxc4 15. Bxg7 Kxg7 16. fxg6 hxg6 17. Rae1 Qb6+ 18. Kh1 Rh8 19. Nd5 Nxd5 20. exd5 Rch4 21. Re3 Rxh2+ 22. Kg1 Bb5 23. Rff3 Rh1+ 24. Kf2 Bf1 25. Qd4+ Qxd4 26. Nxd4 Bc4 27. Rxe7 Bxd5 28. Rfe3 R8h2 29. Ne6+ Kf6 30. Nf4 Bc6 31. c4 Rc1 32. Nd5+ Kg7 33. Rf3 Rc2+ 34. Ke3 Rhxg2 35. Rexf7+ Kh6 36. Rh3+ Kg5 37. Nf4 Kg4 38. Nxg2 Kxh3 39. Nf4+ Kg4 40. Nxg6 Rxb2 41. c5 Kg5 42. Ne7 dxc5 43. Nxc6 bxc6 44. Rxa7 Kf5 45. Kd3 Ke5 46. Kc3 Rb1 47. Ra3 Ke4 48. Rb3 Rc1+ 49. Kb2 Rc4 50. Rb6 Rb4+ 51. Rxb4+ cxb4 52. Kb3 Kd4 53. Kxb4 c5+ 54. Kb3 Kd3 55. Kb2 c4 56. a4 Kd2 57. a5 c3+ 58. Kb3 c2 59. a6 c1Q 60. a7 Qc8 0-1

[Event "Canarias-chT"]
[Site "Vecindario"]
[Date "2018.05.31"]
[Round "1.1"]
[White "Ramirez Maillo, Cristian"]
[Black "Bressac, Stephane"]
[Result "0-1"]
[WhiteElo "1889"]
[BlackElo "2380"]
[PlyCount "114"]
[EventDate "2018.05.31"]
[EventType "team-swiss"]
[EventRounds "6"]
[EventCountry "ESP"]
[SourceTitle "EXT 2019"]
[Source "ChessBase"]
[SourceDate "2018.10.10"]
[SourceVersion "1"]
[SourceVersionDate "2018.10.10"]
[SourceQuality "1"]
[WhiteTeam "Telde Los Llanos"]
[BlackTeam "Grandama Santa Lucia"]
[WhiteTeamCountry "ESP"]
[BlackTeamCountry "ESP"]

1. e4 d6 2. d4 Nf6 3. Nc3 e5 4. Nf3 Nbd7 5. Bc4 exd4 6. Qxd4 Be7 7. 0-0 Nb6 8. Be2 0-0 9. Re1 Nfd7 10. Be3 Bf6 11. Qd2 Re8 12. Bd4 Ne5 13. Nxe5 dxe5 14. Be3 c6 15. Qxd8 Bxd8 16. a4 a5 17. h3 Be6 18. b3 Nd7 19. Bg4 Bxg4 20. hxg4 Nf8 21. Red1 Be7 22. Bb6 f6 23. Rd3 Kf7 24. Rad1 Ra6 25. Be3 Rc8 26. Nb1 Rc7 27. Nd2 Ke6 28. Nc4 Nd7 29. Nd6 Bxd6 30. Rxd6+ Ke7 31. g5 Ra8 32. gxf6+ gxf6 33. R6d3 b6 34. Bc1 Rg8 35. Rh3 Rg7 36. Ba3+ c5 37. Bc1 Nb8 38. Bh6 Rf7 39. Rd5 Na6 40. f4 Nb4 41. Rd2 Rd7 42. Rxd7+ Kxd7 43. c3 Nc6 44. Rd3+ Kc7 45. f5 Ne7 46. Kf2 Nc8 47. Bd2 Nd6 48. Kf3 c4 49. bxc4 Nxc4 50. Bh6 Nb2 51. Rd2 Nxa4 52. g4 Kc6 53. g5 fxg5 54. Bxg5 Nc5 55. Rd5 Rxf5+ 56. Kg4 Rxg5+ 57. Kxg5 Nxe4+ 0-1

[Event "Gran Canaria Cabildo op"]
[Site "Gran Canaria"]
[Date "2018.03.13"]
[Round "3"]
[White "Diaz Medina, Angelo"]
[Black "Ramirez Maillo, Cristian"]
[Result "0-1"]
[WhiteElo "1389"]
[BlackElo "1913"]
[PlyCount "32"]
[EventDate "2018.03.06"]
[EventType "swiss"]
[EventRounds "7"]
[EventCountry "ESP"]
[SourceTitle "CBM 183 Extra"]
[Source "ChessBase"]
[SourceDate "2018.04.19"]
[SourceVersion "1"]
[SourceVersionDate "2018.04.19"]
[SourceQuality "1"]

1. e4 c5 2. Nf3 Nc6 3. d4 cxd4 4. Nxd4 g6 5. Nc3 Bg7 6. Be3 Nf6 7. f3 0-0 8. Qd2 d5 9. Nxc6 bxc6 10. e5 Nd7 11. f4 f6 12. Nxd5 fxe5 13. Bc4 Kh8 14. Nc3 exf4 15. Bxf4 e5 16. Be3 Qh4+ 0-1

[Event "Las Palmas Insular-chT Honor 1718"]
[Site "Las Palmas"]
[Date "2018.03.10"]
[Round "9.4"]
[White "Ramirez Maillo, Cristian"]
[Black "Perez Guerra, Raul"]
[Result "0-1"]
[WhiteElo "1913"]
[BlackElo "1821"]
[PlyCount "70"]
[EventDate "2017.10.28"]
[EventType "team-tourn"]
[EventRounds "9"]
[EventCountry "ESP"]
[SourceTitle "EXT 2021"]
[Source "ChessBase"]
[SourceDate "2020.10.23"]
[SourceVersion "1"]
[SourceVersionDate "2020.10.23"]
[SourceQuality "1"]
[WhiteTeam "Telde Los Llanos"]
[BlackTeam "Fundacion La Caja de Canarias"]
[WhiteTeamCountry "ESP"]
[BlackTeamCountry "ESP"]

1. e4 e6 2. d4 d5 3. e5 c5 4. c3 Nc6 5. Nf3 Qb6 6. a3 Nh6 7. b4 cxd4 8. cxd4 Nf5 9. Bb2 Bd7 10. g4 Nfe7 11. Nc3 Ng6 12. Na4 Qd8 13. h4 h5 14. g5 b6 15. Bd3 Rc8 16. Nc3 Nf4 17. Ba6 Rb8 18. Rc1 Be7 19. Qd2 Ng6 20. Ne2 b5 21. Nc3 Rb6 22. Bxb5 Ncxe5 23. dxe5 Bxb5 24. Nxb5 Rxb5 25. Nd4 Rb7 26. Nc6 Qd7 27. Nxe7 Nxe7 28. Bd4 0-0 29. Bc5 Rc8 30. 0-0 Nf5 31. Qf4 Rbc7 32. Kh2 Qa4 33. Rc3 Rxc5 34. Rxc5 Rxc5 35. Qf3 Rc4 0-1

[Event "Gran Canaria Fiestas Dolores 2nd"]
[Site "Gran Canaria"]
[Date "2017.09.12"]
[Round "4"]
[White "Ramirez Maillo, Cristian"]
[Black "Rivero Pena, Himar"]
[Result "1-0"]
[WhiteElo "1776"]
[BlackElo "1262"]
[PlyCount "101"]
[EventDate "2017.09.04"]
[EventType "swiss"]
[EventRounds "6"]
[EventCountry "ESP"]
[SourceTitle "CBM 180 Extra"]
[Source "ChessBase"]
[SourceDate "2017.10.06"]
[SourceVersion "1"]
[SourceVersionDate "2017.10.06"]
[SourceQuality "1"]

1. e4 d5 2. exd5 Qxd5 3. Nc3 Qa5 4. d4 e5 5. dxe5 Bb4 6. Bd2 Qxe5+ 7. Be2 Nf6 8. Nf3 Qe6 9. 0-0 0-0 10. a3 Bc5 11. Bd3 b6 12. Re1 Qg4 13. Ne4 Nbd7 14. h3 Qh5 15. b4 Bd6 16. Nxd6 cxd6 17. Bf4 Bb7 18. Bxd6 Rfe8 19. Bg3 Rxe1+ 20. Nxe1 Rd8 21. Qxh5 Nxh5 22. Bh2 Re8 23. Bb5 Re7 24. Rd1 Nhf6 25. Bd6 Re6 26. Bc7 Re7 27. Bd8 Re8 28. Bxf6 gxf6 29. Bxd7 Rd8 30. Bg4 Re8 31. Bf3 Ba6 32. Nd3 Rc8 33. Rd2 Rc3 34. a4 Ra3 35. Bc6 Ra1+ 36. Kh2 Ra2 37. Nc1 Ra1 38. Nb3 Rb1 39. b5 Bc8 40. Rd8+ Kg7 41. Rxc8 Rb2 42. Rc7 Rxc2 43. Rxa7 Rxf2 44. Bd5 f5 45. Rxf7+ Kg6 46. Rb7 f4 47. Rxb6+ Kg5 48. a5 Kh4 49. Nd4 Rd2 50. Nf3+ Kh5 51. Bf7# 1-0

[Event "Las Palmas Cabildo op"]
[Site "Las Palmas"]
[Date "2017.03.24"]
[Round "5"]
[White "Monteiro Rodrigues, Carlos"]
[Black "Ramirez Maillo, Cristian"]
[Result "0-1"]
[WhiteElo "1442"]
[BlackElo "1819"]
[PlyCount "42"]
[EventDate "2017.03.10"]
[EventType "swiss"]
[EventRounds "7"]
[EventCountry "ESP"]
[SourceTitle "EXT 2018"]
[Source "ChessBase"]
[SourceDate "2017.10.13"]
[SourceVersion "1"]
[SourceVersionDate "2017.10.13"]
[SourceQuality "1"]

1. e4 c5 2. Nf3 Nc6 3. d4 cxd4 4. Nxd4 g6 5. Nc3 Bg7 6. Be3 Nf6 7. Qd2 0-0 8. f3 d5 9. 0-0-0 dxe4 10. Nxc6 Qxd2+ 11. Rxd2 bxc6 12. Nxe4 Nd5 13. Bg5 f6 14. Bc4 fxg5 15. Rxd5 cxd5 16. Bxd5+ Be6 17. Bxe6+ Kh8 18. Kb1 Rab8 19. b3 Rb6 20. Nxg5 Bf6 21. Nf7+ Kg7 0-1

[Event "Las Palmas Cabildo op"]
[Site "Las Palmas"]
[Date "2017.03.17"]
[Round "3"]
[White "Jablanovic, Sasa"]
[Black "Ramirez Maillo, Cristian"]
[Result "1-0"]
[WhiteElo "1642"]
[BlackElo "1819"]
[PlyCount "71"]
[EventDate "2017.03.10"]
[EventType "swiss"]
[EventRounds "7"]
[EventCountry "ESP"]
[SourceTitle "EXT 2018"]
[Source "ChessBase"]
[SourceDate "2017.10.13"]
[SourceVersion "1"]
[SourceVersionDate "2017.10.13"]
[SourceQuality "1"]

1. e4 c5 2. Nf3 Nc6 3. Nc3 g6 4. a3 Bg7 5. Bc4 d6 6. d3 e6 7. 0-0 Nge7 8. Re1 0-0 9. Bg5 a6 10. Qc1 b5 11. Bb3 Bb7 12. Bh6 Qb6 13. Bxg7 Kxg7 14. Ne2 d5 15. Ng3 c4 16. Ba2 dxe4 17. Nxe4 cxd3 18. cxd3 Nf5 19. Nc5 Rfe8 20. Qc3+ Kg8 21. Nd7 Qa7 22. Nf6+ Kf8 23. Nxh7+ Kg8 24. Nf6+ Kf8 25. Nxe8 Rxe8 26. Ng5 Ncd4 27. Rac1 Qa8 28. Ne4 e5 29. Qc5+ Kg7 30. f3 Bc6 31. Nd6 Nxd6 32. Qxd6 Bxf3 33. Rc7 Bxg2 34. Rxf7+ Kh6 35. Qf6 Nf5 36. h4 1-0

[Event "Gran Canaria Santana Memorial 5th"]
[Site "Gran Canaria"]
[Date "2017.02.21"]
[Round "6"]
[White "Ramirez Maillo, Cristian"]
[Black "Guerra Aleman, Marcial"]
[Result "1-0"]
[WhiteElo "1802"]
[BlackElo "1688"]
[PlyCount "67"]
[EventDate "2017.02.03"]
[EventType "swiss"]
[EventRounds "7"]
[EventCountry "ESP"]
[SourceTitle "CBM 177 Extra"]
[Source "ChessBase"]
[SourceDate "2017.04.27"]
[SourceVersion "1"]
[SourceVersionDate "2017.04.27"]
[SourceQuality "1"]

1. e4 e6 2. Nf3 d5 3. Nc3 Nf6 4. e5 Nfd7 5. d4 c5 6. dxc5 Bxc5 7. Bd3 Nc6 8. Bf4 a6 9. Qe2 b5 10. h4 h6 11. h5 Nb6 12. Rh3 Bd7 13. Rg3 Bf8 14. Kf1 Qc7 15. a4 b4 16. Nd1 a5 17. Bb5 Ne7 18. Nd4 Nc4 19. b3 Na3 20. Rxa3 bxa3 21. Rc3 Qb7 22. Bxd7+ Kxd7 23. Bc1 Nf5 24. Nb5 Rc8 25. g4 d4 26. Rh3 a2 27. Bb2 Ne7 28. Nd6 Qb4 29. Nxc8 Nxc8 30. Rf3 Ke8 31. Qe4 Be7 32. Qc6+ Kd8 33. Rd3 Qc5 34. Rxd4+ 1-0

[Event "Gran Canaria Santana Memorial 5th"]
[Site "Gran Canaria"]
[Date "2017.02.17"]
[Round "5"]
[White "Alonso Valiente, Alexis"]
[Black "Ramirez Maillo, Cristian"]
[Result "1-0"]
[WhiteElo "1940"]
[BlackElo "1802"]
[PlyCount "157"]
[EventDate "2017.02.03"]
[EventType "swiss"]
[EventRounds "7"]
[EventCountry "ESP"]
[SourceTitle "CBM 177 Extra"]
[Source "ChessBase"]
[SourceDate "2017.04.27"]
[SourceVersion "1"]
[SourceVersionDate "2017.04.27"]
[SourceQuality "1"]

1. e4 c5 2. Nf3 Nc6 3. d4 cxd4 4. Nxd4 g6 5. Nxc6 bxc6 6. Qd4 Nf6 7. e5 Nd5 8. Bc4 Bg7 9. Bxd5 cxd5 10. 0-0 0-0 11. Qxd5 Rb8 12. Rd1 Qc7 13. Re1 Qxc2 14. Na3 Qc7 15. Bg5 Rxb2 16. Bxe7 Bb7 17. Qd6 Rc8 18. Qxc7 Rxc7 19. Bd6 Rc3 20. Reb1 Rxb1+ 21. Rxb1 Rc8 22. Nb5 a5 23. Na7 Be4 24. Re1 Rc2 25. h3 Bd5 26. a3 h5 27. Rb1 a4 28. Rb8+ Kh7 29. Nc8 Bh6 30. e6 fxe6 31. Nb6 Bc6 32. Nxd7 Re2 33. Nc5 e5 34. Ne6 Bd5 35. Re8 Re1+ 36. Kh2 Re2 37. Bc5 Rc2 38. Ba7 Rc6 39. Nc5 Rc7 40. Bb6 Rc6 41. Ba7 Rc7 42. Bb6 Rc6 43. Nd7 Bc1 44. Bc5 h4 45. g3 hxg3+ 46. fxg3 Kg7 47. Re7+ Kh6 48. Rxe5 Be6 49. Bf8+ Kh7 50. Nc5 Bf7 51. Ne4 Kg8 52. Bc5 Bb2 53. Re7 Bd5 54. Bb4 Rc2+ 55. Kg1 Bd4+ 56. Kf1 Bc4+ 57. Ke1 Re2+ 58. Kd1 Bd3 59. Nf6+ Bxf6 60. Rxe2 Bxe2+ 61. Kxe2 Kf7 62. Kd3 Be5 63. Be1 Bb2 64. Bb4 Be5 65. g4 Kf6 66. Bc3 g5 67. Kc4 Bxc3 68. Kxc3 Ke5 69. Kb4 Kf4 70. Kxa4 Kg3 71. Kb4 Kxh3 72. a4 Kxg4 73. a5 Kh3 74. a6 g4 75. a7 g3 76. a8Q g2 77. Qh8+ Kg3 78. Qg7+ Kf3 79. Qd4 1-0

[Event "Gran Canaria Dominguez Memorial 3rd"]
[Site "Gran Canaria"]
[Date "2016.05.26"]
[Round "4"]
[White "Ramirez Maillo, Cristian"]
[Black "Diaz Mendoza, Eladio"]
[Result "1-0"]
[WhiteElo "1734"]
[BlackElo "1576"]
[PlyCount "99"]
[EventDate "2016.05.17"]
[EventType "swiss"]
[EventRounds "7"]
[EventCountry "ESP"]
[SourceTitle "CBM 172 Extra"]
[Source "ChessBase"]
[SourceDate "2016.06.21"]
[SourceVersion "1"]
[SourceVersionDate "2016.06.21"]
[SourceQuality "1"]

1. e4 c5 2. c3 b6 3. d4 e6 4. Nf3 Bb7 5. Bd3 g6 6. Bf4 cxd4 7. cxd4 Bg7 8. 0-0 Ne7 9. Nc3 0-0 10. Qd2 d5 11. e5 a6 12. h3 Nbc6 13. Ne2 f5 14. exf6 Bxf6 15. Ne5 Nxe5 16. dxe5 Bg7 17. Nd4 Qd7 18. Bh6 Nc6 19. Bxg7 Kxg7 20. Nxc6 Bxc6 21. Qg5 b5 22. h4 Qf7 23. Rae1 Be8 24. Re3 h6 25. Qg4 h5 26. Qg5 Qf4 27. Qe7+ Qf7 28. Qa3 Qb7 29. Rc1 b4 30. Qa5 Rf7 31. Rg3 Re7 32. Be2 Kh7 33. Rb3 Rc8 34. Rxc8 Qxc8 35. Qxb4 Rc7 36. Qd6 a5 37. Ba6 Qd7 38. Bb5 Rc1+ 39. Kh2 Qf7 40. Rf3 Qxf3 41. gxf3 Bxb5 42. Qe7+ Kh8 43. Qf6+ Kh7 44. Qf7+ Kh8 45. Qxg6 Rd1 46. Qxh5+ Kg8 47. Qg6+ Kh8 48. h5 Bd3 49. Qf6+ Kh7 50. h6 1-0

[Event "Gran Canaria Dominguez Memorial 3rd"]
[Site "Gran Canaria"]
[Date "2016.05.17"]
[Round "1"]
[White "Diaz Hernandez, Juan Jose"]
[Black "Ramirez Maillo, Cristian"]
[Result "0-1"]
[WhiteElo "1034"]
[BlackElo "1734"]
[PlyCount "25"]
[EventDate "2016.05.17"]
[EventType "swiss"]
[EventRounds "7"]
[EventCountry "ESP"]
[SourceTitle "CBM 172 Extra"]
[Source "ChessBase"]
[SourceDate "2016.06.21"]
[SourceVersion "1"]
[SourceVersionDate "2016.06.21"]
[SourceQuality "1"]

1. e4 c5 2. d4 cxd4 3. Qxd4 Nc6 4. Qd1 Nf6 5. Nc3 d6 6. Bb5 g6 7. e5 dxe5 8. Qxd8+ Kxd8 9. Bg5 Be6 10. 0-0-0+ Kc7 11. Ba4 Rc8 12. f4 h6 13. Bh4 0-1

[Event "Las Palmas Montalvo Memorial 09th"]
[Site "Las Palmas"]
[Date "2016.03.22"]
[Round "2"]
[White "Ramirez Maillo, Cristian"]
[Black "Korneev, Svyatoslav"]
[Result "0-1"]
[WhiteElo "1742"]
[BlackElo "2151"]
[PlyCount "40"]
[EventDate "2016.03.21"]
[EventType "swiss"]
[EventRounds "9"]
[EventCountry "ESP"]
[SourceTitle "EXT 2018"]
[Source "ChessBase"]
[SourceDate "2017.10.13"]
[SourceVersion "1"]
[SourceVersionDate "2017.10.13"]
[SourceQuality "1"]

1. e4 e6 2. Nf3 d5 3. Nc3 Nf6 4. e5 Nfd7 5. d4 c5 6. dxc5 Nc6 7. Bf4 Nxc5 8. a3 Be7 9. Bd3 g5 10. Bg3 h5 11. h3 Bd7 12. Qd2 Qa5 13. 0-0 Nxd3 14. cxd3 g4 15. b4 Qb6 16. Nh2 gxh3 17. b5 hxg2 18. Rfc1 Nd4 19. Rcb1 Rc8 20. Ne2 Rc2 0-1

[Event "Las Palmas Insular-chT Pref"]
[Site "Las Palmas "]
[Date "2016.03.12"]
[Round "14.4"]
[White "Ramirez Maillo, Cristian"]
[Black "Yingrui, Lin"]
[Result "1-0"]
[WhiteElo "1742"]
[BlackElo "1781"]
[PlyCount "65"]
[EventDate "2015.10.17"]
[EventType "team-tourn"]
[EventRounds "14"]
[EventCountry "ESP"]
[SourceTitle "EXT 2017"]
[Source "ChessBase"]
[SourceDate "2016.10.25"]
[SourceVersion "1"]
[SourceVersionDate "2016.10.25"]
[SourceQuality "1"]
[WhiteTeam "La Caja de Canarias"]
[BlackTeam "Hotel Avda de Canarias"]
[WhiteTeamCountry "ESP"]
[BlackTeamCountry "ESP"]

1. e4 c5 2. c3 d5 3. exd5 Qxd5 4. d4 Nf6 5. Nf3 Nc6 6. Be3 cxd4 7. cxd4 e6 8. Nc3 Qd6 9. a3 a6 10. Bd3 Be7 11. 0-0 0-0 12. Bc2 Ng4 13. Qd3 f5 14. Ne2 b5 15. Bf4 Qd7 16. Bb3 Na5 17. Ba2 Bb7 18. h3 Nf6 19. Ne5 Qc8 20. Rac1 Nc6 21. d5 Nxe5 22. Bxe5 Qe8 23. d6 Bd8 24. Nf4 Nd7 25. Bxe6+ Kh8 26. Bd4 Be4 27. Qg3 Bf6 28. Bxf6 Rxf6 29. Bxd7 Qxd7 30. Rc7 Rxd6 31. Rxd7 Rxd7 32. f3 Bc6 33. Qg5 1-0